The incredible Scofield and his book / (Record no. 48819)
[ view plain ]
| 000 -LEADER | |
|---|---|
| fixed length control field | 00754nam a2200277Ia 4500 |
| 001 - CONTROL NUMBER | |
| control field | 19766369 |
| 003 - CONTROL NUMBER IDENTIFIER | |
| control field | OCoLC |
| 005 - DATE AND TIME OF LATEST TRANSACTION | |
| control field | 20191111094501.0 |
| 008 - FIXED-LENGTH DATA ELEMENTS--GENERAL INFORMATION | |
| fixed length control field | 890525s1988 cau b 000 0beng d |
| 040 ## - CATALOGING SOURCE | |
| Original cataloging agency | CFT |
| Transcribing agency | CFT |
| Modifying agency | ABF |
| 049 ## - LOCAL HOLDINGS (OCLC) | |
| Holding library | ABFA |
| 100 1# - MAIN ENTRY--PERSONAL NAME | |
| Personal name | Canfield, Joseph M. |
| 245 14 - TITLE STATEMENT | |
| Title | The incredible Scofield and his book / |
| Statement of responsibility, etc | by Joseph M. Canfield. |
| 260 ## - PUBLICATION, DISTRIBUTION, ETC. (IMPRINT) | |
| Place of publication, distribution, etc | Vallecito, CA : |
| Name of publisher, distributor, etc | Ross House Books, |
| Date of publication, distribution, etc | 1988. |
| 300 ## - PHYSICAL DESCRIPTION | |
| Extent | x, 314 p. ; |
| Dimensions | 24 cm. |
| 336 ## - CONTENT TYPE | |
| Content Type Term | text |
| 337 ## - MEDIA TYPE | |
| Media Type Term | unmediated |
| 338 ## - CARRIER TYPE | |
| Carrier Type Term | volume |
| 504 ## - BIBLIOGRAPHY, ETC. NOTE | |
| Bibliography, etc | Includes bibliographical references. |
| 590 ## - LOCAL NOTE (RLIN) | |
| Local note | 16. |
| 600 10 - SUBJECT ADDED ENTRY--PERSONAL NAME | |
| Personal name | Scofield, C. I. |
| Fuller form of name | (Cyrus Ingerson), |
| Dates associated with a name | 1843-1921. |
| 630 00 - SUBJECT ADDED ENTRY--UNIFORM TITLE | |
| Uniform title | Scofield reference Bible. |
| 906 ## - LOCAL DATA ELEMENT F, LDF (RLIN) | |
| a | A |
| 941 ## - EQUIVALENCE OR CROSS-REFERENCE--ROMANIZED TITLE [OBSOLETE] [CAN/MARC only] | |
| Romanized title | 0321-50860 |
| 942 ## - ADDED ENTRY ELEMENTS (KOHA) | |
| Source of classification or shelving scheme | Library of Congress Classification |
| Item type | Books |
| Withdrawn status | Lost status | Source of classification or shelving scheme | Damaged status | Not for loan | Home library | Current library | Shelving location | Date acquired | Inventory number | Total Checkouts | Full call number | Barcode | Date last seen | Price effective from | Koha item type |
|---|---|---|---|---|---|---|---|---|---|---|---|---|---|---|---|
| Library of Congress Classification | BSOP Library | BSOP Library | GC | 11/11/2019 | 12715 | BX9225.S3 Sc3c | 00021241 | 11/11/2019 | 11/11/2019 | Books |
